000 00475nam a2200145 a 4500
001 22310
005 20180713220209.0
008 140415s1988 000 0 spa d
041 _aspa
082 _a973
_bMAK
245 0 0 _aMAKING AMERICA :
_bTHE SOCIETY AND CULTURE OF THE UNITED STATES
260 _a[s.l.] :
_bUNITED STATES INFORMATION AGENCY,
_c1988
300 _a393
650 1 4 _aCARACTERISTICAS NACIONALES
_xESTADOS UNIDOS
_xESTADOS UNIDOS
_xCOVILIZACION
999 _c22310
_d22310